[Event "HUN-chT2 Szechenyi 1617"]
[Site "Hungary"]
[Date "2017.01.29"]
[Round "7.12"]
[White "Balogh, Balint"]
[Black "Balogh, Bence"]
[Result "1-0"]
[WhiteElo "1544"]
[BlackElo "1235"]
[PlyCount "73"]
[EventDate "2016.09.25"]
[EventType "team-tourn"]
[EventRounds "11"]
[EventCountry "HUN"]
[SourceTitle "EXT 2021"]
[Source "ChessBase"]
[SourceDate "2020.10.23"]
[SourceVersion "1"]
[SourceVersionDate "2020.10.23"]
[SourceQuality "1"]
[WhiteTeam "Papa"]
[BlackTeam "Sarvar"]
[WhiteTeamCountry "HUN"]
[BlackTeamCountry "HUN"]

1. e4 e5 2. Nf3 Nc6 3. Nc3 Nf6 4. Bb5 a6 5. Bxc6 dxc6 6. 0-0 Bd6 7. h3 0-0 8. d3 h6 9. Ne2 c5 10. Ng3 Bd7 11. Nh4 Nxe4 12. Ngf5 Bxf5 13. Nxf5 Nf6 14. Qf3 Qc8 15. Nxh6+ gxh6 16. Qxf6 Qe6 17. Qxe6 fxe6 18. Bxh6 Rf6 19. Bg5 Rg6 20. h4 Kf7 21. g3 Be7 22. Bxe7 Kxe7 23. Rae1 Kd6 24. Re4 Kd5 25. Rfe1 Rf8 26. Rxe5+ Kd6 27. Rg5 Rgf6 28. f4 Rf5 29. Re5 Rxg5 30. Rxg5 Rf5 31. Rxf5 exf5 32. Kf2 Ke6 33. Kf3 Kf6 34. g4 Kg6 35. gxf5+ Kxf5 36. h5 Kf6 37. Ke4 1-0